000 00624nam a22001937a 4500
005 20151001110610.0
010 _aENG-113769
020 _a978938334216
_c1100.00
035 _aEN- 97301
037 _bDBAD/PUB
082 _a331.412791
100 _aDevi Laishram, R.
245 _aGender, migration and domestic service /
_cby R. Devi Laishram
260 _aDelhi
_bA.K. Publications
_c2014
270 _aB-61./E-1, Gali No.14, Jagat Puri Extn. Shahdara
_bDelhi
_e110093
300 _a277p.
_c23cm(Hb)
500 _aIncludes bibliographical references and index
942 _2ddc
_cEN
_mDEV
_h331.412791
999 _c95418
_d95418